01510nam a2200313Ia 4500001001200000003000800012006001900020007001500039008004100054010001700095020001500112040002100127035002000148050002500168110014200193245029800335260005600633300001600689504004100705533015200746650002700898650003000925650001900955650003300974655002901007710001701036856012601053999001701179ebr10051654CaPaEBRm u cr cn|||||||||040225s2004 dcu sb 000 0 eng d z 2003115100 z0309089778 aCaPaEBRcCaPaEBR a(OCoLC)6036522014aHV6432b.N382 2004eb2 aNational Research Council (U.S.).bCommittee on Research Standards and Practices to Prevent the Destructive Application of Biotechnology.10aBiotechnology research in an age of terrorismh[electronic resource] /cCommittee on Research Standards and Practices to Prevent the Destructive Application of Biotechnology; Development, Security, and Cooperation Policy and Global Affairs; National Research Council of the National Academies. aWashington, DC :bNational Academies Press,cc2004. axvi, 163 p. aIncludes bibliographical references. aElectronic reproduction.bPalo Alto, Calif. :cebrary,d2011.nAvailable via World Wide Web.nAccess may be limited to ebrary affiliated libraries. 0aTerrorismxPrevention. 0aBioterrorismxPrevention. 0aBiotechnology. 0aWar on Terrorism, 2001-2009. 7aElectronic books.2local2 aebrary, Inc.40uhttp://site.ebrary.com/lib/rucke/Doc?id=10051654zAn electronic book accessible through the World Wide Web; click to view c67096d67096